000 00342nam a2200145Ia 4500
999 _c14090
_d14090
003 OSt
005 20260422151428.0
008 260210s9999 xx 000 0 und d
020 _a9788957707333
082 _a720
100 _aArchiworld
245 0 _aDetail Plus Interior+Architecture, Vol. IV
260 _bArchiworld
942 _cBDES
_2ddc